Guess the historical people from the picture 3 - Statistics

General Stats
  • This quiz has been taken 102 times
  • The average score is 6 of 16
Answer Stats
Picture Answer % Correct
William Shakespeare
85%
Wolfgang Amadeus Mozart
82%
Louis XIV
75%
Charles Dickens
52%
Florence Nightingale
51%
Richard III
42%
Queen Victoria
38%
Cleopatra VII
31%
Wright brothers
28%
Michelangelo
21%
Gabrielle (Coco) Chanel
17%
Empress Elisabeth of Austria (Sisi)
13%
King Baldwin IV
13%
Boudicca
8%
Catherine De Medici
6%
Hisako Koyama
1%
No matching quizzes found
Score Distribution
Percent of People with Each Score
Percentile by Number Answered
Your Score History
You have not taken this quiz